000 05676nam0a2200481 4500
001 RU\NLR\BIBL_A\011958726
005 20250809113237.0
020 _aRU
_9Ленинград в Великой Отечественной войне. Коллекция. Афиши
035 _a(NLR Aleph) 011958726
090 _a66620
_c66620
100 _a20190313d1944 u y0rusy50 ca
101 0 _arus
102 _aRU
105 _aa z 000zy
135 _acrcn 024anaba
200 1 _aДекабрь [1945 г. Репертуар
_eафиша]
_fУправление по делам искусств Исполкома Ленгорсовета, Ленинградский государственный театр кукол
210 _a[Ленинград]
_cЛТ УН-9
_d1944
215 _a1 л.
_cцв. ил.
_d41х58
300 _aНачало спектаклей: в 4 ч., в воскресенье в 11 ч., 3. ч. 30 м. и в 6 ч. веч. Билеты продаются в кассе театра, ежедн. кроме понедельн. с 12 до 2 и с 3 до 6 ч. Принимаются заявки на коллективное посещение театра
300 _aЗак. 3066
325 _aКопия доступна в Электрон. б-ке РНБ
327 _a14 Декабря Четверг. По щучьему велению. Автор Тараховская. Композитор Гельфман М.Я. Постановщ. Деммени Е.С. Художник и скульптор Павлович И.П. 15 Декабря Пятница. Илья Муромец. Автор Карнаухова И.В. и Туберовский М.Д. Композитор Пейсин А.Я. Постановщик Шапиро С.Н. Художник Григорьев М.А. 16 Декабря Суббота. Илья Муромец. Автор Карнаухова И.В. и Туберовский М.Д. Композитор Пейсин А.Я. Постановщик Шапиро С.Н. Художник Григорьев М.А. 17 Декабря Воскрес. Шелковая кисточка. Автор Карнаухов И.В. Художн. Григорьев М.А. Постановщик Шапиро С.Н. Скульптор Константиновская Н.Н. Композитор Локшин А.Л. 19 Декабря Вторник. По щучьему велению. Автор Тараховская. Композитор Гельфман М.Я. Постановщ. Деммени Е.С. Художник и скульптор Павлович И.П. 20 Декабря Среда. Шелковая кисточка. Автор Карнаухов И.В. Художн. Григорьев М.А. Постановщик Шапиро С.Н. Скульптор Константиновская Н.Н. Композитор Локшин А.Л. 21 Декабря Четверг. Шелковая кисточка. Автор Карнаухов И.В. Художн. Григорьев М.А. Постановщик Шапиро С.Н. Скульптор Константиновская Н.Н. Композитор Локшин А.Л.
327 1 _a22 Декабря Пятница. Каштанка. Автор Браусевич. Композитор Дешевов В.М. Постановщик Шапиро С.Н. Художник Рыков А.В. 23 Декабря Суббота. Каштанка. Автор Браусевич. Композитор Дешевов В.М. Постановщик Шапиро С.Н. Художник Рыков А.В. 24 Декабря Воскрес. Каштанка. Автор Браусевич. Композитор Дешевов В.М. Постановщик Шапиро С.Н. Художник Рыков А.В. 26 Декабря Вторник. Каштанка. Автор Браусевич. Композитор Дешевов В.М. Постановщик Шапиро С.Н. Художник Рыков А.В. 27 Декабря Среда. Каштанка. Автор Браусевич. Композитор Дешевов В.М. Постановщик Шапиро С.Н. Художник Рыков А.В. В спектаклях участвуют: Беляков В.Г., Белякова Т.С., Бровман М.Г. [и др.]. Художественный руководитель театра Шапиро С.Н.
606 1 _aТеатральная жизнь
_yЛенинград, город
_z1941 - 1944
_jАфиши
_2nlr_sh2
_3RU\NLR\AUTH\6601649837
686 _aЩ333(2Р=Рус)7- 692Ленинград
710 0 2 _aЛенинградский театр кукол
_3RU\NLR\AUTH\889922815
852 _aNLR
_jЛ3-330а/27/2/[1944]-декабрь
856 0 _uhttp://vivaldi.nlr.ru/la700000016/view
856 1 _uhttp://vivaldi.nlr.ru/la700000016/cover
856 2 _uhttp://vivaldi.nlr.ru/la700000016/text
942 _cVISUAL
945 _aРоссийская национальная библиотека
980 _aNB
980 _aBV
980 3 _akplen
980 3 _akp
981 3 7 _a(37) Ленинград в Великой Отечественной войне
_b(37) Афиши блокадного Ленинграда